000 00502nam a2200157Ia 4500
008 210716s2008 xx 000 0 und d
020 _a9780070223516
041 _aeng
082 _a621.3921 NAVZ
100 _aNavabi, Zainalabedin.
245 _aVHDL: modular design and synthesis of cores and systems.
_bModular design and synthesis of cores and systems.
250 _a1
260 _aNew Delhi
_bTata McGraw Hill Publishing Company Ltd
_c2008
300 _axviii,531
650 _aDigital Systems
999 _c190736
_d190736